000 02422cam a22005414i 4500
003 PE-LiUPU
005 20250731173054.0
008 180309s2006 ne rb 001 0 eng d
020 _a9789004149045
035 _a(Sirsi) a241502
040 _aPE-LiUPU
_bspa
_cPE-LiUPU
_erda
049 _aPRUA
082 0 4 _a284.1
_bL1
_222
245 0 0 _aLutheran Reformation and the law /
_cedited by Virpi Mäkinen.
264 1 _aLeiden :
_bBrill,
_c2006.
300 _avii, 270 páginas ;
_c25 centímetros.
336 _atext
_2rdacontent
337 _aunmediated
_2rdamedia
338 _avolume
_2rdacarrier
490 1 _aStudies in medieval and Reformation traditions ;
_v112
504 _aBibliografía : páginas 231-249.
504 _aÍndice : páginas 251-270.
505 0 _aContributors -- Foreword -- Lutheran reformation and the law in recent scholarship -- Heikki Pihlajamaki and Risto Saarinen -- Part one: Law, theology and philosophy -- Divine and natural law in Luther and Melanchthon -- Right and dominion in Luther´s thought and its medieval background -- Nominalist psychology and the limits of canon law in late medieval erfurt -- Communio sanctorum: Remarks on the ideal community -- Part two: Law and reform -- Lutheran marriage norms in action: The example of post-reformation sweden, 1520-1600 -- Executor divinarum et suarum legum: Criminal law and the Lutheran reformation -- The Lutheran reform of poor relief: A historical and legal viewpoint -- Sources and bibliography -- Abbreviations -- Sources -- Literature -- Index of names -- Index of subjects.
526 _aSEG42
526 _aSEG41
526 _aSEG40
526 _aSEG39
526 _aP94
526 _aP87
526 _aP86
526 _aP85
526 _aP77
526 _aP76
526 _aP35
650 0 4 _aReligion y ley.
650 0 4 _aReligion and law.
650 0 4 _aIglesia Luterana.
650 0 4 _aLutheran church.
650 0 4 _aInfluencia.
650 0 4 _aInfluence.
700 1 _aMäkinen, Virpi,
_eeditor.
910 _adbm
_bwmm
_cwmm
_d20180309
942 _2ddc
_cBOOK
994 _aC0
_bPEPRU
596 _a1
999 _a284.1 L1
_wDEWEY
_c27128
_i78367
_d27128
_f2021-11-11
_g4
_lCCODEBUL1
_mBUL
_p37.00
_q2
_r0
_sY
_tBOOK
_u2018-3-9
_xTEOLOGIA
_PP35
_0DONACION
_o.STAFF. Colección Teología
980 _81
_gALBERTO SANCHEZ Responsable de Automatización